00349nam a2200121Ia 4500008004000000020001800040082001500058100002400073245003800097260004900135300001200184650003100196210210b1976 xxu||||| |||| 00| 0 eng d a0 07 016302 2 a658.8 DELM aDeLOZIER (M Wayne). aMarketing communications process. aLondon.bMcGraw Hill Kogakusha., Ltd.,c1976 axii,324 aMarketing Communications